| 000 | 00840nam a2200217 a 4500 | ||
|---|---|---|---|
| 001 | BRCA_5170 | ||
| 005 | 20190320204953.0 | ||
| 008 | 241110c--------ag-#######---#000-0#----# | ||
| 041 | _aspa | ||
| 044 | _amx | ||
| 084 |
_aDOC119A _b.D63 _c[17-?] |
||
| 245 | 1 | 0 | _aDocumento que habla sobre lo sucedido en la invasión que hicieron los colegiales de Santo Domingo contra la Procuración y sus habitantes. |
| 260 |
_aMéxico _c17-? |
||
| 300 |
_a[4] fojas _c29 x 19 cm. |
||
| 500 | _aEl documento contiene la leyenda DOC. #284. | ||
| 500 | _aEstado de conservación: contiene roturas en el margen superior y pequeñas manchas por acidez. | ||
| 506 | 0 | _aFondo Reservado. Para su consulta es necesario credencial de usuario y carta de motivos. | |
| 651 | 4 |
_aMéxico _xHistoria _zColonia, 1521-1821 _913228 |
|
| 902 | _aFDH | ||
| 942 |
_2lcc _cD |
||
| 999 |
_c4864 _d4864 |
||